Central Library OPAC University of Rajshahi

British management thought : (Record no. 15144)

MARC details
000 -LEADER
fixed length control field 00854cam a22002891 4500
001 - CONTROL NUMBER
control field 15144
003 - CONTROL NUMBER IDENTIFIER
rucl marc code BD-RjUL
005 - DATE AND TIME OF LATEST TRANSACTION
control field 20211208235746.0
008 - FIXED-LENGTH DATA ELEMENTS--GENERAL INFORMATION
fixed length control field 140209s1969 enk b 001 0 eng
020 ## - INTERNATIONAL STANDARD BOOK NUMBER
International Standard Book Number 0046580263
035 ## - SYSTEM CONTROL NUMBER
System control number (BD-RjUL)15198
040 ## - CATALOGING SOURCE
Original cataloging agency DLC
Transcribing agency DLC
Modifying agency DLC
-- BD-RjUL
Language of cataloging eng
041 ## - LANGUAGE CODE
Language code of text/sound track or separate title eng
082 00 - DEWEY DECIMAL CLASSIFICATION NUMBER
Classification number 658.00942
Author mark and year CHB 1969
100 1# - MAIN ENTRY--PERSONAL NAME
Personal name Child, John,
Dates associated with a name 1940-
9 (RLIN) 47128
245 10 - TITLE STATEMENT
Title British management thought :
Remainder of title a critical analysis /
Statement of responsibility, etc. John Child.
260 ## - PUBLICATION, DISTRIBUTION, ETC. (IMPRINT)
Place of publication, distribution, etc. London :
Name of publisher, distributor, etc. Allen & Unwin,
Date of publication, distribution, etc. c1969.
300 ## - PHYSICAL DESCRIPTION
Pagination 272 p. ;
Size 23 cm.
350 ## - PRICE (NR) (BK AM CF MU VM SE) [OBSOLETE]
Price 55/-
490 0# - SERIES STATEMENT
Series statement Studies in management,
Volume/sequential designation no. 5
504 ## - BIBLIOGRAPHY, ETC. NOTE
Bibliography, etc Includes bibliographies & Index.
650 #0 - SUBJECT ADDED ENTRY--TOPICAL TERM
Topical term or geographic name as entry element Industrial management
Geographic subdivision Great Britain.
9 (RLIN) 2537
Topical term or geographic name as entry element Management
General subdivision Research
Geographic subdivision Great Britain.
9 (RLIN) 47129
942 ## - ADDED ENTRY ELEMENTS (KOHA)
Source of classification or shelving scheme Dewey Decimal Classification
Koha item type Books
Holdings
Lost status Source of classification or shelving scheme Damaged status Not for loan Collection code Permanent Location Current Location Shelving location Date acquired Source of acquisition Cost, normal purchase price Total Checkouts Full call number Date last seen Copy number Koha item type
  Dewey Decimal Classification     Non-fiction Central Library, University of Rajshahi Central Library, University of Rajshahi   08/07/1971 Zeitlinger 55.00   658.00942 CHB 1969 09/02/2014 C-3 Books
  Dewey Decimal Classification     Non-fiction Central Library, University of Rajshahi Central Library, University of Rajshahi   03/04/1970 Zeitlinger 55.00   658.00942 CHB 1969 20/12/2016 C-4 Books
  Dewey Decimal Classification     Non-fiction Central Library, University of Rajshahi Central Library, University of Rajshahi   08/07/1971 Zeitlinger 55.00   658.00942 CHB 1969 11/04/2019 C-2 Books
  Dewey Decimal Classification     Non-fiction Central Library, University of Rajshahi Central Library, University of Rajshahi   03/04/1970 Zeitlinger 55.00   658.00942 CHB 1969 11/04/2019 C-5 Books
  Dewey Decimal Classification   Not For Loan Non-fiction Central Library, University of Rajshahi Central Library, University of Rajshahi Reading Room 11/04/2019 Zeitlinger     658.00942 CHB 1969 11/04/2019 C-1 Books